[Event "XLV C.to Italiano a squadre A1.1"]
[Site "Arvier ITA"]
[Date "2013.03.15"]
[Round "1"]
[White "Caloni, Ugo"]
[Black "Mariano, Elia"]
[WhiteElo "2155"]
[BlackElo "2156"]
[Result "1/2-1/2"]
[PlyCount "74"]
[EventDate "2013.03.15"]

1. d4 e6 2. c4 d5 3. Nc3 Be7 4. Bf4 Nf6 5. e3 O-O 6. h3 c5 7. Nf3 Nc6 8. Be2
dxc4 9. Bxc4 cxd4 10. Nxd4 Nxd4 11. Qxd4 Qxd4 12. exd4 Bd7 13. O-O Rac8 14. Bb3
Bc6 15. Rfd1 Rfd8 16. Rac1 Kf8 17. a3 Ne4 18. Nxe4 Bxe4 19. Rxc8 Rxc8 20. d5
exd5 21. f3 Bc2 22. Rc1 Bc5+ 23. Kh1 Bxb3 24. Rxc5 Rxc5 25. Bd6+ Ke8 26. Bxc5
b6 27. Bd4 f6 28. Kg1 Kd7 29. Kf2 Ke6 30. g3 h5 31. h4 g5 32. Ke3 Bd1 33. Bc3
Kf5 34. Bd4 Ke6 35. Bc3 Kf5 36. Bd4 Ke6 37. Bc3 Kf5 1/2-1/2

[Event "XLV C.to Italiano a squadre A1.1"]
[Site "Arvier ITA"]
[Date "2013.03.15"]
[Round "1"]
[White "Castaldo, Folco"]
[Black "Bellia, Fabrizio"]
[WhiteElo "2413"]
[BlackElo "2416"]
[Result "1-0"]
[PlyCount "45"]
[EventDate "2013.03.15"]

1. e4 e5 2. Nf3 Nc6 3. Bb5 a6 4. Ba4 Nf6 5. d3 b5 6. Bb3 Be7 7. O-O d6 8. a4 b4
9. a5 O-O 10. Nbd2 Be6 11. Nc4 Nd4 12. Nxd4 exd4 13. Bd2 d5 14. exd5 Nxd5 15.
Re1 Bf6 16. Qf3 c5 17. h3 Qc7 18. Re4 Rad8 19. Rae1 Bc8 20. Ne5 Bb7 21. Ng4 Rd6
22. Qg3 Bd8 23. Bxd5 1-0

[Event "XLV C.to Italiano a squadre A1.1"]
[Site "Arvier ITA"]
[Date "2013.03.15"]
[Round "1"]
[White "Guerrieri, Lorenzo"]
[Black "Formento, Paolo"]
[WhiteElo "2209"]
[BlackElo "2200"]
[Result "1-0"]
[PlyCount "67"]
[EventDate "2013.03.15"]

1. e4 e6 2. d4 d5 3. Nd2 Nf6 4. e5 Nfd7 5. Bd3 c5 6. c3 Nc6 7. Ne2 cxd4 8. cxd4
f6 9. exf6 Nxf6 10. O-O Bd6 11. Nf3 Qc7 12. Ng3 O-O 13. Bd2 e5 14. dxe5 Nxe5
15. Be2 Bd7 16. Qb3 Rae8 17. Nxe5 Bxe5 18. Bf3 Be6 19. Bb4 Rf7 20. Rfe1 Ne4 21.
Bxe4 dxe4 22. Qa4 Rd8 23. Rxe4 Bd5 24. Re2 h5 25. Rae1 Bd4 26. Bc3 Bc6 27. Qb3
h4 28. Nf5 Bd5 29. Re8+ Kh7 30. Qc2 Bxf2+ 31. Qxf2 Rxe8 32. Qxh4+ Kg8 33. Rxe8+
Rf8 34. Rxf8+ 1-0

[Event "XLV C.to Italiano a squadre A1.1"]
[Site "Arvier ITA"]
[Date "2013.03.15"]
[Round "1"]
[White "Marguerettaz, Davy"]
[Black "Arata, Roberto Mario"]
[WhiteElo "2189"]
[BlackElo "2222"]
[Result "1-0"]
[PlyCount "53"]
[EventDate "2013.03.15"]

1. e4 c5 2. Nf3 d6 3. d4 cxd4 4. Qxd4 Nc6 5. Bb5 Bd7 6. Bxc6 Bxc6 7. Nc3 Nf6 8.
Bg5 Qa5 9. O-O-O e5 10. Qd2 Rc8 11. Bxf6 gxf6 12. Kb1 Bd7 13. Nd5 Qd8 14. Nh4
Rc6 15. Qe3 Bg7 16. Qxa7 O-O 17. Qxb7 Kh8 18. Nf5 Rc5 19. Nxd6 Be6 20. Nf4
Bxa2+ 21. Kxa2 Qa5+ 22. Kb1 Ra8 23. Nxf7+ Kg8 24. Qxa8+ Qxa8 25. Rd8+ Qxd8 26.
Nxd8 exf4 27. Ne6 1-0

[Event "XLV C.to Italiano a squadre A1.1"]
[Site "Arvier ITA"]
[Date "2013.03.15"]
[Round "1"]
[White "Napoli, Nicolo'"]
[Black "Di Paolo, Raffaele"]
[WhiteElo "2281"]
[BlackElo "2292"]
[Result "0-1"]
[PlyCount "112"]
[EventDate "2013.03.15"]

1. d4 Nf6 2. c4 g6 3. Nc3 Bg7 4. Nf3 O-O 5. g3 c5 6. d5 d6 7. Bg2 Na6 8. O-O
Nc7 9. e4 Rb8 10. Qe2 Bg4 11. Bf4 e5 12. dxe6 Nxe6 13. Qd2 Nxf4 14. Qxf4 Be6
15. Rfd1 Nh5 16. Qe3 Qb6 17. b3 Nf6 18. Rac1 Ng4 19. Qe2 Rbd8 20. Rc2 Ne5 21.
Ng5 Nc6 22. Na4 Qc7 23. Rcd2 Nd4 24. Qe3 Qe7 25. Nf3 Bd7 26. Nc3 Bc6 27. Nxd4
cxd4 28. Rxd4 Bxd4 29. Qxd4 a6 30. h4 Qe5 31. Qd2 b5 32. cxb5 axb5 33. Kh2 b4
34. Nd5 Bxd5 35. exd5 Ra8 36. Rc1 Rfc8 37. Rc6 Re8 38. Rc7 Re7 39. Rc2 Rb8 40.
Bf3 Kg7 41. Kg2 h6 42. Rc4 Qe1 43. Qf4 Ra8 44. Rc2 Re5 45. Rc1 g5 46. Qc4 Qd2
47. Rc2 Qe1 48. Qc6 Rae8 49. Rc4 Rf5 50. Rc1 Qe5 51. Rc4 Re7 52. hxg5 hxg5 53.
Be4 Rf6 54. Qc8 Qb2 55. Rc2 Qd4 56. f3 Rxe4 0-1

[Event "XLV C.to Italiano a squadre A1.1"]
[Site "Arvier ITA"]
[Date "2013.03.15"]
[Round "1"]
[White "Pulito, Alberto"]
[Black "Salvetti, Alec"]
[WhiteElo "2259"]
[BlackElo "2226"]
[Result "1/2-1/2"]
[PlyCount "102"]
[EventDate "2013.03.15"]

1. e4 e5 2. Nf3 Nc6 3. Nc3 Nf6 4. Bb5 Bd6 5. O-O O-O 6. Re1 Re8 7. a3 Bf8 8. d3
h6 9. h3 d6 10. Ne2 Bd7 11. Ng3 g6 12. c3 Bg7 13. Bc4 Be6 14. Bxe6 Rxe6 15. d4
exd4 16. cxd4 d5 17. e5 Ne4 18. Nxe4 dxe4 19. d5 Re8 20. Rxe4 Nxe5 21. Bf4
Nxf3+ 22. Qxf3 Rxe4 23. Qxe4 g5 24. Bg3 Bxb2 25. Rb1 Bxa3 26. Rxb7 Bd6 27. Qd4
a5 28. Be5 Bxe5 29. Qxe5 Qd6 30. Qc3 a4 31. Rxc7 Qxd5 32. Rc6 Rd8 33. Rxh6 Qd1+
34. Kh2 Qd4 35. Qg3 f6 36. h4 Qd6 37. hxg5 Qxg3+ 38. Kxg3 fxg5 39. Ra6 Rd4 40.
Rg6+ Kf7 41. Rxg5 a3 42. Ra5 Rd3+ 43. Kg4 Rd4+ 44. f4 Rd2 45. Rxa3 Rxg2+ 46.
Kf5 Rb2 47. Ra7+ Kf8 48. Ra6 Kf7 49. Ra7+ Kf8 50. Kf6 Rb6+ 51. Kg5 Rb5+ 1/2-1/2

[Event "XLV C.to Italiano a squadre A1.1"]
[Site "Arvier ITA"]
[Date "2013.03.15"]
[Round "1"]
[White "Saccona, Silvano"]
[Black "Barlocco, Carlo"]
[WhiteElo "2170"]
[BlackElo "2088"]
[Result "1-0"]
[PlyCount "137"]
[EventDate "2013.03.15"]

1. c4 e6 2. Nc3 d5 3. e3 Nf6 4. Nf3 Be7 5. Be2 O-O 6. O-O a6 7. b3 c5 8. d4 Nc6
9. Bb2 cxd4 10. exd4 Qc7 11. Rc1 Rd8 12. c5 Ne4 13. Na4 Bf6 14. Re1 Bd7 15. Bd3
Nb4 16. Bxe4 dxe4 17. Rxe4 Bxa4 18. bxa4 Nxa2 19. Rb1 Nb4 20. Qb3 Nd5 21. Ba3
Rab8 22. Rc1 Qc6 23. Ree1 h6 24. Qc4 Rbc8 25. Qb3 Rd7 26. Bb2 Rb8 27. h3 b6 28.
Ba3 b5 29. axb5 Rxb5 30. Qa4 Rdb7 31. Ra1 Rb8 32. Bc1 Ra8 33. Bd2 Qb7 34. Rec1
Ne7 35. Be3 Nc6 36. Qd1 Rd8 37. Qa4 a5 38. Kh1 Rb4 39. Qa2 Qb5 40. Qc2 Rc8 41.
Qa2 Nxd4 42. Nxd4 Bxd4 43. Bxd4 Rxd4 44. Qxa5 Qxa5 45. Rxa5 Rd5 46. Rc4 g5 47.
g3 Kg7 48. Kg2 Rc6 49. Kf3 f5 50. Rb5 Kf6 51. Ke3 Rc8 52. Ra5 h5 53. f3 Rc7 54.
Rb5 Ke7 55. Ra5 Kd7 56. h4 g4 57. Kf4 Ke7 58. fxg4 fxg4 59. Ke4 Kf6 60. Rc3
Re5+ 61. Kd4 Kf5 62. Kc4 Ke4 63. Rc1 Kf5 64. Kb5 Re3 65. Kb6 Re7 66. c6+ Re5
67. Rf1+ Ke4 68. Re1+ Kf3 69. Ra3+ 1-0

[Event "XLV C.to Italiano a squadre A1.1"]
[Site "Arvier ITA"]
[Date "2013.03.15"]
[Round "1"]
[White "Sanchez, Joseph"]
[Black "Georgiev, Vladimir"]
[WhiteElo "2531"]
[BlackElo "2562"]
[Result "0-1"]
[PlyCount "90"]
[EventDate "2013.03.15"]

1. e4 e5 2. Nf3 Nc6 3. d4 exd4 4. Nxd4 Bc5 5. Nb3 Bb6 6. Nc3 Nf6 7. Qe2 O-O 8.
Be3 Re8 9. Bxb6 axb6 10. O-O-O d5 11. f3 Bd7 12. g4 dxe4 13. g5 Nh5 14. Nxe4
Qe7 15. Rg1 Be6 16. Kb1 Rad8 17. Rxd8 Qxd8 18. Qe1 Ne5 19. Be2 Nf4 20. Bd1 Bxb3
21. axb3 Qd4 22. Rf1 Kf8 23. Qc3 Qxc3 24. Nxc3 Nd7 25. Kc1 Nc5 26. Rg1 Re5 27.
Rg4 Nce6 28. Ne4 Nh3 29. Be2 Nhxg5 30. Nxg5 Rxe2 31. Nxh7+ Ke7 32. Ng5 f5 33.
Rg1 Nxg5 34. Rxg5 Kf6 35. Rh5 Rf2 36. f4 Rxf4 37. Kd2 Re4 38. Kd3 b5 39. Rh8
Kg5 40. Rg8 Re7 41. b4 Kg4 42. b3 f4 43. c4 Kf3 44. h4 Kg2 45. h5 f3 0-1

[Event "XLV C.to Italiano a squadre A1.1"]
[Site "Arvier ITA"]
[Date "2013.03.15"]
[Round "1"]
[White "Sarno, Spartaco"]
[Black "Genocchio, Daniele"]
[WhiteElo "2327"]
[BlackElo "2413"]
[Result "1-0"]
[PlyCount "107"]
[EventDate "2013.03.15"]

1. d4 Nf6 2. c4 e6 3. Nc3 Bb4 4. e3 O-O 5. Nge2 d5 6. a3 Be7 7. Nf4 Nc6 8. cxd5
exd5 9. Be2 Na5 10. O-O c6 11. e4 dxe4 12. b4 c5 13. dxc5 Nc6 14. Bb2 Bf5 15.
Ncd5 Nxd5 16. Nxd5 Bg5 17. Qb3 Be6 18. Rad1 Bh6 19. Bc4 Qb8 20. Qc3 Bxd5 21.
Rxd5 Qf4 22. g3 Qg4 23. Rd6 Qh5 24. Rd5 Qg4 25. h3 Qg6 26. Rd6 Qg5 27. Re1 Rae8
28. h4 Qh5 29. Be2 Qe5 30. Bb5 e3 31. f4 Qxc3 32. Bxc3 g6 33. Kg2 Re4 34. Kf3
Rfe8 35. Rxc6 bxc6 36. Bxc6 Rc4 37. Bxe8 Rxc3 38. Rxe3 Rc2 39. Ba4 Rc1 40. Re8+
Bf8 41. Ke2 Kg7 42. Kd2 Rg1 43. Re3 a5 44. Kc3 Kf6 45. Kc4 Ra1 46. Kb5 axb4 47.
axb4 Rc1 48. g4 h5 49. g5+ Kf5 50. Re8 Bg7 51. Re7 Bc3 52. Rxf7+ Kg4 53. c6
Kxh4 54. Bb3 1-0

[Event "XLV C.to Italiano a squadre A1.1"]
[Site "Arvier ITA"]
[Date "2013.03.15"]
[Round "1"]
[White "Sgnaolin, Davide"]
[Black "Ranieri, Fabrizio"]
[WhiteElo "2286"]
[BlackElo "2277"]
[Result "1-0"]
[PlyCount "81"]
[EventDate "2013.03.15"]

1. c4 e6 2. Nf3 d5 3. b3 Nf6 4. Bb2 Be7 5. g3 O-O 6. Bg2 c5 7. O-O Nc6 8. e3 b6
9. Nc3 Bb7 10. cxd5 Nxd5 11. Nxd5 Qxd5 12. Ne5 Qd6 13. d4 cxd4 14. exd4 Na5 15.
Bxb7 Nxb7 16. Rc1 Qd5 17. Qe2 Bd6 18. Nc4 Rfd8 19. Ne3 Qe4 20. Rfd1 h6 21. d5
exd5 22. Rd4 Qe6 23. Rxd5 Bc5 24. Re5 Qg6 25. Nf5 Kh7 26. Nxg7 Bd6 27. Re4 Nc5
28. Rg4 Qd3 29. Qc2 Rg8 30. Nh5 Rxg4 31. Nf6+ Kg6 32. Nxg4 Re8 33. Ne3 Be7 34.
Qxd3+ Nxd3 35. Rc6+ Kh7 36. Bd4 Ne1 37. Kf1 Nf3 38. Bc3 Bc5 39. Kg2 Ng5 40. Ng4
Re2 41. Rxh6+ 1-0

[Event "XLV C.to Italiano a squadre A1.1"]
[Site "Arvier ITA"]
[Date "2013.03.15"]
[Round "1"]
[White "Stoppa, Omar"]
[Black "Yeuillaz, Corrado"]
[WhiteElo "2294"]
[BlackElo "2223"]
[Result "1-0"]
[PlyCount "53"]
[EventDate "2013.03.15"]

1. e4 d5 2. exd5 Qxd5 3. Nc3 Qd6 4. d4 Nf6 5. Nf3 Bg4 6. h3 Bxf3 7. Qxf3 c6 8.
Be3 e6 9. O-O-O Nbd7 10. Kb1 Qc7 11. g4 h6 12. h4 O-O-O 13. Rg1 Nb6 14. g5 Nfd5
15. Nxd5 Nxd5 16. Bc1 hxg5 17. c4 Nf4 18. hxg5 Ng6 19. d5 cxd5 20. cxd5 Rxd5
21. Rxd5 exd5 22. Qxd5 Bd6 23. Be3 Kb8 24. Qd4 b6 25. Bg2 a6 26. Rc1 Bc5 27.
Qd5 1-0

[Event "XLV C.to Italiano a squadre A1.1"]
[Site "Arvier ITA"]
[Date "2013.03.15"]
[Round "1"]
[White "Van Hoolandt, Patrick"]
[Black "Baloire, Endy"]
[WhiteElo "2191"]
[BlackElo "1964"]
[Result "1-0"]
[PlyCount "73"]
[EventDate "2013.03.15"]

1. d4 d5 2. c4 e6 3. Nc3 Nf6 4. cxd5 exd5 5. Bg5 Nbd7 6. Qc2 c6 7. e3 Be7 8.
Bd3 O-O 9. Nge2 Re8 10. O-O g6 11. f3 Nh5 12. Bxe7 Qxe7 13. e4 Nb6 14. Rae1
dxe4 15. fxe4 c5 16. Nb5 a6 17. Qxc5 Qxc5 18. dxc5 axb5 19. cxb6 Bd7 20. a3 Ra6
21. g4 Ng7 22. Nc3 Ne6 23. Nd5 Kg7 24. Nf6 Nc5 25. Nxe8+ Bxe8 26. Bb1 Rxb6 27.
Rc1 Ne6 28. Ba2 Bd7 29. Rcd1 Bc8 30. e5 b4 31. Rd6 Rb5 32. Rc1 b3 33. Bxb3 Rxb3
34. Rxc8 Rxb2 35. Rc3 Rb5 36. Rd7 Nf4 37. Rcc7 1-0

[Event "XLV C.to Italiano a squadre A1.1"]
[Site "Arvier ITA"]
[Date "2013.03.16"]
[Round "2"]
[White "Arata, Roberto Mario"]
[Black "Georgiev, Vladimir"]
[WhiteElo "2222"]
[BlackElo "2562"]
[Result "0-1"]
[PlyCount "84"]
[EventDate "2013.03.15"]

1. d4 Nf6 2. c4 e6 3. Nf3 b6 4. a3 Bb7 5. Nc3 g6 6. d5 Bg7 7. e4 O-O 8. Be2 Na6
9. O-O Nc5 10. Qc2 exd5 11. exd5 c6 12. dxc6 dxc6 13. Be3 Ng4 14. Bf4 Re8 15.
h3 Ne6 16. Rad1 Qc8 17. Bg3 Nh6 18. Ne4 Nf5 19. Nd6 Nxd6 20. Rxd6 Nc5 21. Ng5
Be5 22. Bxe5 Rxe5 23. f4 Re7 24. b4 Ne6 25. Ne4 c5 26. Nf6+ Kh8 27. Bg4 Qc7 28.
Rd2 Nd4 29. Qb2 Rd8 30. f5 g5 31. Kh1 Qd6 32. Nh5 f6 33. bxc5 bxc5 34. Qc3 Rde8
35. Rd3 Be4 36. Rdd1 Bxg2+ 37. Kxg2 Re2+ 38. Rf2 Rxf2+ 39. Kxf2 Qh2+ 40. Kf1
Qh1+ 41. Kf2 Re2+ 42. Bxe2 Qh2+ 0-1

[Event "XLV C.to Italiano a squadre A1.1"]
[Site "Arvier ITA"]
[Date "2013.03.16"]
[Round "2"]
[White "Barletta, Mauro"]
[Black "De Luca, Fabio"]
[WhiteElo "2221"]
[BlackElo "1977"]
[Result "1/2-1/2"]
[PlyCount "108"]
[EventDate "2013.03.15"]

1. Nf3 c5 2. c4 g6 3. g3 Bg7 4. Bg2 Nc6 5. Nc3 Nh6 6. d4 cxd4 7. Bxh6 Bxh6 8.
Nxd4 Qb6 9. Nb3 Bg7 10. Rc1 O-O 11. O-O Rb8 12. Qd2 d6 13. Rfd1 Be6 14. Nd5
Bxd5 15. Bxd5 Nb4 16. Nd4 Nxd5 17. cxd5 Rbc8 18. e3 Bxd4 19. Qxd4 Qxd4 20. exd4
Rfd8 21. Kf1 Kf8 22. Ke2 Ke8 23. Kd3 Kd7 24. g4 h6 25. Rxc8 Rxc8 26. Re1 Rh8
27. Re3 f6 28. Ke4 Rc8 29. Kd3 Re8 30. f4 Rc8 31. Rh3 Rh8 32. Ke4 Kc7 33. f5 g5
34. Kd3 Kd7 35. Kd2 Kc7 36. Kc2 Kd7 37. Kb3 Kc7 38. a3 Kd7 39. Kb4 Kc7 40. a4
Kd7 41. Kb5 Kc7 42. Rc3+ Kd7 43. a5 h5 44. Rh3 h4 45. Rc3 Rb8 46. b4 Kd8 47. h3
Kd7 48. Rc1 Kd8 49. Rc2 Kd7 50. Rc4 Ra8 51. Ka4 Rc8 52. Rxc8 Kxc8 53. Kb5 Kc7
54. a6 b6 1/2-1/2

[Event "XLV C.to Italiano a squadre A1.1"]
[Site "Arvier ITA"]
[Date "2013.03.16"]
[Round "2"]
[White "Bellia, Fabrizio"]
[Black "Sanchez, Joseph"]
[WhiteElo "2416"]
[BlackElo "2531"]
[Result "1/2-1/2"]
[PlyCount "83"]
[EventDate "2013.03.15"]

1. d4 Nf6 2. c4 c6 3. Nc3 d5 4. cxd5 cxd5 5. Bf4 Nc6 6. e3 a6 7. Bd3 Bg4 8.
Nge2 Rc8 9. O-O e6 10. Rc1 Be7 11. a3 O-O 12. f3 Bh5 13. Na4 Nd7 14. b4 Re8 15.
Bg3 Bg5 16. Nf4 Bg6 17. Re1 Bxf4 18. Bxf4 Bxd3 19. Qxd3 e5 20. dxe5 Ndxe5 21.
Bxe5 Rxe5 22. Nc5 Re7 23. Rcd1 Qe8 24. Qxd5 Rd8 25. Qg5 h6 26. Rxd8 Qxd8 27.
Qg3 Qd2 28. e4 Ne5 29. f4 Nc4 30. f5 Kh7 31. Nb3 Qb2 32. Qd3 Ne5 33. Qg3 Rd7
34. Nc5 Rd2 35. h3 b6 36. Na4 Qd4+ 37. Qe3 Qd6 38. Nxb6 Rd3 39. Qf2 Rd2 40. Qe3
Rd3 41. Qf2 Rd2 42. Qe3 1/2-1/2

[Event "XLV C.to Italiano a squadre A1.1"]
[Site "Arvier ITA"]
[Date "2013.03.16"]
[Round "2"]
[White "Bozzali, Ermanno"]
[Black "Caloni, Ugo"]
[WhiteElo "2041"]
[BlackElo "2155"]
[Result "0-1"]
[PlyCount "80"]
[EventDate "2013.03.15"]

1. d4 d5 2. c4 e6 3. Nf3 Nf6 4. g3 Be7 5. Bg2 O-O 6. O-O b6 7. Nc3 c6 8. Ne5
Bb7 9. e4 dxc4 10. Nxc4 Ba6 11. b3 b5 12. Ne5 b4 13. Ne2 Bxe2 14. Qxe2 Qxd4 15.
Bb2 Qb6 16. Rfc1 Rc8 17. Rc2 a5 18. Rac1 Ra7 19. Rc4 Nfd7 20. Qg4 Bf8 21. Nd3
c5 22. Nf4 Nc6 23. Bxg7 Bxg7 24. Nh5 Kf8 25. Qxg7+ Ke7 26. f4 Rac7 27. Qg5+ Ke8
28. Kh1 Nd4 29. Rf1 Qd6 30. e5 Qe7 31. Qg7 Nf5 32. Qxh7 Qf8 33. Re4 Ke7 34. g4
Qh8 35. Qxh8 Rxh8 36. Nf6 Ng3+ 37. Kg1 Nxf1 38. Nxd7 Nd2 39. Re2 Rxd7 40. Bc6
Rd4 0-1

[Event "XLV C.to Italiano a squadre A1.1"]
[Site "Arvier ITA"]
[Date "2013.03.16"]
[Round "2"]
[White "Genocchio, Daniele"]
[Black "Aranovitch, Emiliano"]
[WhiteElo "2413"]
[BlackElo "2328"]
[Result "1/2-1/2"]
[PlyCount "122"]
[EventDate "2013.03.15"]

1. e4 c5 2. Nf3 d6 3. d4 cxd4 4. Nxd4 Nf6 5. Nc3 Nc6 6. Bc4 e6 7. Be3 a6 8. Qe2
Qc7 9. Bb3 Na5 10. O-O-O b5 11. Kb1 Nxb3 12. cxb3 b4 13. Na4 Qb7 14. f3 Be7 15.
Rc1 Bd7 16. Nb6 Rd8 17. Nxd7 Rxd7 18. Nc6 O-O 19. Nxe7+ Rxe7 20. e5 Nd5 21.
exd6 Rd7 22. Bc5 Rc8 23. Qe5 Re8 24. Rc4 f6 25. Qe4 a5 26. Rd1 f5 27. Qe5 Nf6
28. Bf2 Qa6 29. Bh4 Kf7 30. Bxf6 gxf6 31. Qe2 Rxd6 32. g4 fxg4 33. fxg4 Rxd1+
34. Qxd1 Qb7 35. g5 Qd5 36. Qh5+ Kf8 37. Qh6+ Kg8 38. gxf6 Qd3+ 39. Rc2 Qg6 40.
Qxg6+ hxg6 41. Rc7 Rd8 42. Kc2 Rd5 43. f7+ Kf8 44. h3 Rh5 45. Ra7 Rxh3 46. Rxa5
Kxf7 47. a4 bxa3 48. bxa3 Ke7 49. a4 Rh5 50. Ra8 Kd6 51. b4 Kc6 52. Re8 Rh2+
53. Kd3 Rh3+ 54. Ke2 Rh4 55. Rb8 Kc7 56. Rb5 Kc6 57. Rb8 Kc7 58. Rb5 Kc6 59.
Kd3 Rh3+ 60. Ke4 Rh4+ 61. Kf3 Rc4 1/2-1/2

[Event "XLV C.to Italiano a squadre A1.1"]
[Site "Arvier ITA"]
[Date "2013.03.16"]
[Round "2"]
[White "Guerrieri, Lorenzo"]
[Black "Saccona, Silvano"]
[WhiteElo "2209"]
[BlackElo "2170"]
[Result "1-0"]
[PlyCount "111"]
[EventDate "2013.03.15"]

1. e4 c6 2. d4 d5 3. Nc3 dxe4 4. Nxe4 Nf6 5. Nxf6+ exf6 6. c3 Bd6 7. Bd3 O-O 8.
Ne2 Re8 9. O-O Qc7 10. Ng3 Nd7 11. Qh5 Nf8 12. Be3 Bd7 13. Rae1 g6 14. Qh4 f5
15. Bh6 Qd8 16. Bg5 Qa5 17. Bf6 Rxe1 18. Rxe1 Re8 19. Rxe8 Bxe8 20. Bc4 Ne6 21.
Qh6 Bf4 22. Qh4 Bd6 23. Be7 Qc7 24. Bxd6 Qxd6 25. Qf6 Qd8 26. Qe5 Nf8 27. Ne2
Bd7 28. Nf4 Qe8 29. Qxe8 Bxe8 30. Kf1 Kg7 31. Ke2 Bd7 32. Nd3 Be6 33. Ne5 Kf6
34. f4 Ke7 35. Kd3 f6 36. Nf3 Kd6 37. g3 h6 38. Ne1 g5 39. Ng2 Ng6 40. Bxe6
Kxe6 41. c4 h5 42. h4 g4 43. Ne3 Ne7 44. a4 Kd6 45. b3 Kd7 46. b4 b6 47. c5
bxc5 48. dxc5 a6 49. Kc4 Kc7 50. b5 Kb7 51. bxc6+ Kxc6 52. Nc2 Kb7 53. Nb4 Ng8
54. Kd5 a5 55. Nc2 Ne7+ 56. Ke6 1-0

[Event "XLV C.to Italiano a squadre A1.1"]
[Site "Arvier ITA"]
[Date "2013.03.16"]
[Round "2"]
[White "Marguerettaz, Davy"]
[Black "Castaldo, Folco"]
[WhiteElo "2189"]
[BlackElo "2413"]
[Result "0-1"]
[PlyCount "66"]
[EventDate "2013.03.15"]

1. d4 f5 2. Nc3 Nf6 3. Bg5 d5 4. Bxf6 exf6 5. e3 c6 6. Bd3 Na6 7. a3 Nc7 8. Qf3
g6 9. h3 Ne6 10. O-O-O Bd6 11. g4 Ng5 12. Qg2 Qe7 13. gxf5 gxf5 14. Nge2 Bd7
15. Ng3 Ne4 16. Ncxe4 fxe4 17. Be2 O-O-O 18. Bg4 Rhg8 19. Nf5 Bxf5 20. Bxf5+
Kb8 21. Qf1 Rg5 22. Bg4 f5 23. Be2 f4 24. h4 Rg7 25. exf4 Rf8 26. Qh3 Rxf4 27.
Rdg1 Rxf2 28. Bh5 e3 29. Rxg7 Qxg7 30. Qe6 Qe7 31. Qg8+ Kc7 32. Bg4 Qe4 33.
Qc8+ Kb6 0-1

[Event "XLV C.to Italiano a squadre A1.1"]
[Site "Arvier ITA"]
[Date "2013.03.16"]
[Round "2"]
[White "Mariano, Elia"]
[Black "Cattaneo, Roger"]
[WhiteElo "2156"]
[BlackElo "1820"]
[Result "1-0"]
[PlyCount "149"]
[EventDate "2013.03.15"]

1. d4 d5 2. c4 e6 3. Nc3 Nf6 4. cxd5 exd5 5. Bg5 Be7 6. e3 Bf5 7. Bxf6 Bxf6 8.
Qb3 Bc8 9. Qxd5 Nd7 10. Qe4+ Be7 11. Nd5 c6 12. Qxe7+ Qxe7 13. Nxe7 Kxe7 14.
Nf3 c5 15. Rc1 b6 16. Bb5 cxd4 17. Nxd4 Nc5 18. O-O a6 19. Be2 Bd7 20. b4 Ne6
21. Nf5+ Kf6 22. Nd6 Ke7 23. Nc4 Rhb8 24. Ne5 b5 25. Bf3 Ra7 26. Bc6 Bc8 27.
Bxb5 Nd8 28. Be2 f6 29. Nd3 Be6 30. a3 a5 31. Rc5 axb4 32. axb4 Ra2 33. Bf3 Rd2
34. Rd1 Rxd1+ 35. Bxd1 Kd6 36. Rc1 Bf5 37. Be2 Nc6 38. f3 Nxb4 39. Nxb4 Rxb4
40. e4 Rb2 41. Rd1+ Ke7 42. Kf2 Bd7 43. Rd5 Bc6 44. Ra5 Rb7 45. h4 Bd7 46. g4
Rc7 47. Ke3 Rc3+ 48. Kf4 h6 49. h5 Rc2 50. Bd1 Rc3 51. Ra7 Ke6 52. Rb7 Ra3 53.
Bb3+ Ke7 54. Bd5 Ra6 55. Bc4 Ra5 56. Rb8 Be8 57. Bg8 g6 58. hxg6 Bxg6 59. Rb7+
Kf8 60. Bh7 Bf7 61. Bf5 Re5 62. Ke3 h5 63. f4 Ra5 64. g5 Ra3+ 65. Kf2 fxg5 66.
fxg5 Ra6 67. Kg3 Rc6 68. Kf4 Ra6 69. Rc7 Rb6 70. Ra7 Rc6 71. Ke5 Rb6 72. Rc7
Rb5+ 73. Kf4 Rb6 74. Bd7 Kg7 75. Be8 1-0

[Event "XLV C.to Italiano a squadre A1.1"]
[Site "Arvier ITA"]
[Date "2013.03.16"]
[Round "2"]
[White "Ranieri, Fabrizio"]
[Black "Yeuillaz, Corrado"]
[WhiteElo "2277"]
[BlackElo "2223"]
[Result "1/2-1/2"]
[PlyCount "59"]
[EventDate "2013.03.15"]

1. e4 c5 2. Nf3 e6 3. d4 cxd4 4. Nxd4 a6 5. Nc3 Qc7 6. Be2 Nf6 7. O-O Be7 8. a4
b6 9. f4 d6 10. Be3 O-O 11. Bf3 Bb7 12. Qe2 Nc6 13. Qc4 Rfc8 14. Nxc6 Bxc6 15.
Rad1 Nd7 16. Rd2 Nc5 17. f5 Bd7 18. fxe6 Bxe6 19. Nd5 Bxd5 20. Rxd5 b5 21. axb5
axb5 22. Qxb5 Rab8 23. Qc4 Nd7 24. Qxc7 Rxc7 25. Bf4 Rxb2 26. Bxd6 Bxd6 27.
Rxd6 Rbxc2 28. Rfd1 Nf8 29. Rd8 Rc1 30. Rxc1 1/2-1/2

[Event "XLV C.to Italiano a squadre A1.1"]
[Site "Arvier ITA"]
[Date "2013.03.16"]
[Round "2"]
[White "Sarno, Spartaco"]
[Black "Formento, Paolo"]
[WhiteElo "2327"]
[BlackElo "2200"]
[Result "0-1"]
[PlyCount "126"]
[EventDate "2013.03.15"]

1. d4 Nf6 2. c4 g6 3. Nc3 Bg7 4. e4 d6 5. f3 O-O 6. Be3 Nc6 7. Nge2 a6 8. Qd2
Rb8 9. h4 h5 10. O-O-O b5 11. Nf4 bxc4 12. Bxc4 e5 13. dxe5 Nxe5 14. Bb3 Bd7
15. Nfd5 a5 16. Bg5 a4 17. f4 axb3 18. fxe5 bxa2 19. Nxa2 Nxe4 20. Bxd8 Nxd2
21. Nf6+ Bxf6 22. Bxf6 Nb3+ 23. Kc2 Bf5+ 24. Kc3 Nc5 25. Rhe1 Rb3+ 26. Kc4 Be6+
27. Kd4 Ra8 28. Nc3 Rxb2 29. exd6 cxd6 30. Ke3 Nd7 31. Bd4 Rxg2 32. Ne4 Ra3+
33. Rd3 Rxd3+ 34. Kxd3 Bf5 35. Kc4 Bxe4 36. Rxe4 Ne5+ 37. Kd5 Rg4 38. Re2 Rxh4
39. Bf2 Rh2 40. Kxd6 Rxf2 41. Rxf2 Ng4 42. Ra2 Kg7 43. Kd5 Kf6 44. Ke4 Kg5 45.
Ra5+ f5+ 46. Kf3 h4 47. Kg2 Nh6 48. Kf3 Ng4 49. Kg2 Nf6 50. Kf3 Ne4 51. Ra8
Nd2+ 52. Ke2 Nc4 53. Ra1 Ne5 54. Kf2 f4 55. Ra5 Kf5 56. Ra8 g5 57. Ra5 h3 58.
Kg1 g4 59. Kh2 Ke4 60. Ra4+ Ke3 61. Ra3+ Nd3 62. Ra8 Nc1 63. Ra3+ Kf2 0-1

[Event "XLV C.to Italiano a squadre A1.1"]
[Site "Arvier ITA"]
[Date "2013.03.16"]
[Round "2"]
[White "Sgnaolin, Davide"]
[Black "Napoli, Nicolo'"]
[WhiteElo "2286"]
[BlackElo "2281"]
[Result "0-1"]
[PlyCount "90"]
[EventDate "2013.03.15"]

1. c4 g6 2. Nc3 Bg7 3. g3 e5 4. Bg2 Ne7 5. Nf3 O-O 6. O-O a5 7. d4 d6 8. dxe5
dxe5 9. Qxd8 Rxd8 10. e4 c6 11. Be3 Be6 12. Rfd1 Nd7 13. b3 f6 14. Na4 b5 15.
Nc5 Nxc5 16. Bxc5 Bf8 17. Bf1 Rdb8 18. Rd6 Kf7 19. Rc1 b4 20. Ne1 Rb7 21. Be3
a4 22. f4 exf4 23. gxf4 Nc8 24. Rd2 Nd6 25. Bg2 axb3 26. axb3 Ra3 27. Rd3 f5
28. e5 Ne4 29. Nf3 Be7 30. Nd4 Rd7 31. Bxe4 fxe4 32. Rd2 c5 33. Nxe6 Rxd2 34.
Ng5+ Bxg5 35. Bxd2 Be7 36. Rb1 Ra2 37. Be3 Ke6 38. h3 Re2 39. Bf2 e3 40. Bg3 h5
41. Re1 Rxe1+ 42. Bxe1 Kf5 43. Kf1 Kxf4 44. Ke2 g5 45. e6 h4 0-1

[Event "XLV C.to Italiano a squadre A1.1"]
[Site "Arvier ITA"]
[Date "2013.03.16"]
[Round "2"]
[White "Van Hoolandt, Patrick"]
[Black "Di Paolo, Raffaele"]
[WhiteElo "2191"]
[BlackElo "2292"]
[Result "1/2-1/2"]
[PlyCount "151"]
[EventDate "2013.03.15"]

1. d4 Nf6 2. c4 g6 3. Nc3 Bg7 4. e4 d6 5. Nf3 O-O 6. Be2 e5 7. Be3 Na6 8. O-O
c6 9. Re1 Ng4 10. Bg5 f6 11. Bh4 Qe8 12. c5 dxc5 13. Bxa6 bxa6 14. dxc5 Rb8 15.
b3 Nh6 16. Qe2 Nf7 17. Nd2 Qe7 18. Rac1 Bh6 19. Rc2 Nd8 20. Qc4+ Kh8 21. Nf3 a5
22. Nd1 Bg4 23. Nd2 Rb4 24. Qc3 Bc8 25. Ne3 Bf4 26. a3 Rb5 27. b4 axb4 28. axb4
Qb7 29. Ndc4 Bxe3 30. fxe3 Qc7 31. Nd6 Rb8 32. Rf2 Qg7 33. Ne8 Qh6 34. Rxf6
Rxe8 35. Bg3 Qg5 36. Ref1 Ba6 37. R1f3 Be2 38. h4 Qh5 39. Rf2 Rb7 40. Rf8+ Rxf8
41. Rxf8+ Kg7 42. Rxd8 Re7 43. Qb3 Rf7 44. Qe6 Rf1+ 45. Kh2 Kh6 46. Qxe5 Qxe5
47. Bxe5 Rb1 48. Rd7 Rxb4 49. Bf4+ g5 50. Bxg5+ Kg6 51. Rd6+ Kf7 52. e5 Re4 53.
Rf6+ Ke8 54. Re6+ Kf7 55. Rxc6 Rxe5 56. Rc7+ Kg6 57. Bf4 Rh5 58. Rxa7 Rxc5 59.
Rc7 Rxc7 60. Bxc7 Kf5 61. Kg3 h5 62. Kf2 Bg4 63. Bf4 Ke4 64. Bg5 Kd3 65. Ke1
Bf5 66. Kd1 Bd7 67. Kc1 Bg4 68. Kb2 Ke4 69. Kc3 Bc8 70. Kc4 Bg4 71. Kc5 Bd1 72.
Kd6 Be2 73. Ke6 Bd1 74. Kf6 Bg4 75. Bf4 Bd1 76. Kg5 1/2-1/2